Mạch khuếch đại độ rộng băng tần từ 0 đến 5MC

Sparad:
Bibliografiska uppgifter
Huvudupphovsman: Đặng Cao Bằng
Materialtyp: Bok
Språk:Undetermined
Publicerad: Cần Thơ Viện Đại Học Cần Thơ - Đại Học Khoa Học - Ban Khoa Học ứng Dụng 1972
Ämnen:
Taggar: Lägg till en tagg
Inga taggar, Lägg till första taggen!
Thư viện lưu trữ: Trung tâm Học liệu Trường Đại học Cần Thơ
LEADER 00681nam a2200181Ia 4500
001 CTU_33848
008 210402s9999 xx 000 0 und d
082 |a 621.381 
082 |b B116 
100 |a Đặng Cao Bằng 
245 0 |a Mạch khuếch đại độ rộng băng tần từ 0 đến 5MC 
245 0 |c Đặng Cao Bằng, Huỳnh Cẩu 
260 |a Cần Thơ 
260 |b Viện Đại Học Cần Thơ - Đại Học Khoa Học - Ban Khoa Học ứng Dụng 
260 |c 1972 
650 |a electric circuits,electronics,semiconductors,transistor 
904 |i Minh, 991112 
980 |a Trung tâm Học liệu Trường Đại học Cần Thơ